| 000 | 00353nam a2200145Ia 4500 | ||
|---|---|---|---|
| 008 | 230917s9999||||xx |||||||||||||| ||und|| | ||
| 040 |
_e197477 _aMAIN |
||
| 041 | _aEnglish | ||
| 082 | _a823.7 El44M | ||
| 100 | _aEliot, George | ||
| 245 | 0 | _aMillon on the floss | |
| 260 |
_aLondon _bOxford University Press _c1963 |
||
| 300 | _a558 p. | ||
| 942 | _cBK | ||
| 999 |
_c187532 _d187532 |
||